Najpopularniejsi youtuberzy na każdą literę - Statystyki

Ogólne statystyki
  • Ten quiz został rozwiązany 54 razy
    24 od ostatniego zresetowania
  • Średni wynik to 6 z 23
Statystyki odpowiedzi
Hint Subskrybcje Odpowiedź % Poprawnych
B 5.390.000 MLN Blowek
96%
K 5.330.000 MLN Karol Friz Wiśniewski
96%
R 5.390.000 MLN ReZigiusz
48%
S 4.150.000 MLN Stuu
43%
W 2.720.000 MLN Wersow
39%
C 2.900.000 MLN Czajnik
35%
A 3.370.000 MLN AbstrachujeTV
30%
G 2.180.000 MLN Gimper
30%
Y 1.070.000 MLN YOUNG MULTI LIVE
30%
Z 1.710.000 MLN ZeboPL
30%
N 3.810.000 MLN Naruciak
26%
E 2.360.000 MLN EKIPA
22%
T 1.920.000 MLN Tromba
22%
I 2.840.000 MLN Isamu
17%
P 1.980.000 MLN Palion
17%
O 1.030.000 MLN OjWojtek
13%
J 2.080.000 MLN Jasna Strona
9%
M 1.780.000 MLN Mandzio
9%
L 1.410.000 MLN Lakarnum
4%
D 2.120.000 MLN Dizowskyy
0%
F 1.670.000 MLN FIT LOVERS
0%
H 1.850.000 MLN Historia bez cenzury
0%
U 1.520.000 MLN Unbox
0%
Nie znaleziono quizów pasujących do podanych kryteriów
Rozkład punktacji
Procent ludzi z każdym wynikiem
Percentyl według liczby udzielonych odpowiedzi
Twoja historia wyników
Nie rozwiązałeś tego quizu od ostatniego zresetowania